000 00777nam a2200253Ia 4500
003 OSt
005 20220926002510.0
006 a|||||r|||| 00| 0
007 ta
008 220923b |||||||| |||| 00| 0 eng d
037 _cGeneral Book
040 _aRTL
_cRTL
_beng
041 _2eng
_aeng
082 _aX9(F55):1.2.N74<--N60, K6
100 _aNcaer
_9264047
110 _aNational Council Of Applied Economic Research (New Delhi)
245 0 _aDemand for energy in India
260 _a New Delhi
_bN.C.A.E.R
_c1961
300 _a234p
_ccm.
650 _aPetroleum Industry
700 _aNational Council Of Applied Economic Research (New Delhi)
942 _hX9(F55):1.2.N74<--N60, K6
_cGB
_2CC
999 _c605237
_d605237